[Event "SRB-ch Central"]
[Site "Kragujevac"]
[Date "2015.03.14"]
[Round "8"]
[White "Filipovic, Tomislav S"]
[Black "Ratkovic, Petar"]
[Result "0-1"]
[WhiteElo "1801"]
[BlackElo "1816"]
[PlyCount "100"]
[EventDate "2015.03.09"]
[EventType "swiss"]
[EventRounds "9"]
[EventCountry "SRB"]
[SourceTitle "CBM 165 Extra"]
[Source "ChessBase"]
[SourceDate "2015.04.21"]
[SourceVersion "1"]
[SourceVersionDate "2015.04.21"]
[SourceQuality "1"]

1. c4 c6 2. e3 d5 3. d4 Nf6 4. Nc3 e6 5. Nf3 Nbd7 6. Be2 Bd6 7. 0-0 0-0 8. b3 Ne4 9. Nxe4 dxe4 10. Nd2 f5 11. f4 c5 12. Bb2 Qc7 13. a3 Nf6 14. Qc1 b6 15. Nb1 h6 16. Nc3 a6 17. Nd1 Bb7 18. Rf2 Rad8 19. h3 Rd7 20. g4 g6 21. Rg2 Kh7 22. Nf2 cxd4 23. Bxd4 Bc5 24. Bxf6 Rxf6 25. Qc3 Rff7 26. b4 Bf8 27. Rd1 Qd8 28. Rxd7 Rxd7 29. Qb3 Rd2 30. Bf1 Bg7 31. a4 Rb2 32. Qa3 Rc2 33. gxf5 exf5 34. c5 Rc3 35. Qa2 Bd5 36. Qe2 Bc4 37. Qe1 Bxf1 38. Kxf1 bxc5 39. bxc5 Rxc5 40. Nd1 Rd5 41. Nf2 Qb6 42. h4 Qa5 43. Qxa5 Rxa5 44. Nd1 Rxa4 45. Rc2 Ra1 46. Ke2 a5 47. Rc5 a4 48. h5 a3 49. hxg6+ Kxg6 50. Rc6+ Kh5 0-1

[Event "Sentjur Ipavec Memorial 13th"]
[Site "Sentjur"]
[Date "2012.09.26"]
[Round "9"]
[White "Filipovic, Tomislav S"]
[Black "Milovanovic, Srecko"]
[Result "0-1"]
[WhiteElo "1865"]
[BlackElo "1973"]
[PlyCount "96"]
[EventDate "2012.09.19"]
[EventType "swiss"]
[EventRounds "9"]
[EventCountry "SLO"]
[SourceTitle "EXT 2015"]
[Source "ChessBase"]
[SourceDate "2014.11.20"]
[SourceVersion "1"]
[SourceVersionDate "2014.11.20"]
[SourceQuality "1"]

1. e4 e5 2. Nf3 d6 3. Nc3 Nc6 4. d4 exd4 5. Nxd4 Nxd4 6. Qxd4 Nf6 7. Be2 Be7 8. 0-0 0-0 9. h3 Be6 10. Be3 Qc8 11. Kh2 Nd7 12. f4 f5 13. exf5 Bxf5 14. Nb5 a6 15. Qc4+ Kh8 16. Nxc7 Rb8 17. a4 Qd8 18. a5 Rc8 19. Bb6 d5 20. Qxd5 Rxc7 21. Bxc7 Qxc7 22. c3 Nc5 23. g3 Be6 24. Qh5 Bf6 25. Bd1 Rd8 26. Rf2 g6 27. Qe2 Bd5 28. Bc2 Bc6 29. Qe3 Bd7 30. Rd2 Kg7 31. Rd5 Ne6 32. Rad1 Nf8 33. Qd2 Qc6 34. f5 g5 35. Qd3 Qc7 36. Qd2 h5 37. Qe2 h4 38. Qe3 Bc6 39. Rxd8 Bxd8 40. Qd3 Bf6 41. Bb3 hxg3+ 42. Kg1 Qe5 43. Bc2 Qc5+ 44. Qd4 Bxd4+ 45. Rxd4 Qxa5 46. Rd6 Qb6+ 47. Rd4 Qxb2 48. f6+ Kf7 0-1

[Event "SRB Central-ch op-A 5th"]
[Site "Paracin"]
[Date "2012.07.13"]
[Round "9"]
[White "Filipovic, Tomislav S"]
[Black "Stojkovska, Monika"]
[Result "0-1"]
[WhiteElo "1865"]
[BlackElo "1909"]
[PlyCount "172"]
[EventDate "2012.07.06"]
[EventType "swiss"]
[EventRounds "9"]
[EventCountry "SRB"]
[SourceTitle "CBM 149 Extra"]
[Source "ChessBase"]
[SourceDate "2012.08.24"]
[SourceVersion "1"]
[SourceVersionDate "2012.08.24"]
[SourceQuality "1"]

1. d4 Nf6 2. c4 e6 3. Nc3 Bb4 4. a3 Bxc3+ 5. bxc3 0-0 6. Qc2 c5 7. e4 d6 8. Bd3 e5 9. d5 Nh5 10. g3 Qf6 11. Be2 Qg6 12. Nf3 Nf6 13. Bd3 Qh5 14. Nh4 g5 15. Nf5 Bxf5 16. exf5 Qf3 17. Rg1 e4 18. Be2 Qxf5 19. g4 Qe5 20. Rg3 Nbd7 21. Be3 h6 22. Qd2 Kg7 23. h4 Kg6 24. Rh3 Rh8 25. Qc2 b5 26. cxb5 Nxd5 27. Rc1 N7f6 28. c4 Nf4 29. h5+ Kg7 30. Rg3 Rhe8 31. Qc3 Nd7 32. Kf1 Qxc3 33. Rxc3 Nxe2 34. Kxe2 Ne5 35. Bd2 Nf3 36. Bc1 f5 37. gxf5 Rf8 38. Bb2 Nd4+ 39. Ke1 Rxf5 40. Rce3 Rf4 41. f3 Re8 42. Kd1 Kf7 43. Rxe4 Rexe4 44. fxe4 Rxe4 45. Rg2 Nf5 46. Rf2 Ke6 47. Re2 Rxe2 48. Kxe2 Ng3+ 49. Kf3 Nxh5 50. a4 Nf4 51. a5 Kd7 52. Bg7 h5 53. Bf6 Ne6 54. Bc3 Kc7 55. Be1 d5 56. Bg3+ Kb7 57. cxd5 Nd4+ 58. Ke4 Nxb5 59. Kf5 Kc8 60. Kxg5 Nc3 61. Kxh5 Nxd5 62. Bf2 Nf4+ 63. Kg4 Nd3 64. Bg1 Kc7 65. Kf5 Kc6 66. Ke4 Nb4 67. Ke5 Kb5 68. Be3 a6 69. Bf2 c4 70. Be1 Kxa5 71. Kd4 Kb5 72. Kc3 Nd5+ 73. Kd4 Nb6 74. Kc3 Na4+ 75. Kc2 a5 76. Bd2 Nc5 77. Bc3 Ne4 78. Be1 Nd6 79. Bc3 Kb6 80. Bd4+ Kc6 81. Bc3 a4 82. Bg7 Nb5 83. Bf8 Kd5 84. Bg7 Ke4 85. Bf6 Kd5 86. Bg7 Kc5 0-1

[Event "SRB Central-ch op-A 5th"]
[Site "Paracin"]
[Date "2012.07.10"]
[Round "6"]
[White "Filipovic, Tomislav S"]
[Black "Hadzi Manev, Ljubomir"]
[Result "0-1"]
[WhiteElo "1865"]
[BlackElo "2089"]
[PlyCount "60"]
[EventDate "2012.07.06"]
[EventType "swiss"]
[EventRounds "9"]
[EventCountry "SRB"]
[SourceTitle "CBM 149 Extra"]
[Source "ChessBase"]
[SourceDate "2012.08.24"]
[SourceVersion "1"]
[SourceVersionDate "2012.08.24"]
[SourceQuality "1"]

1. Nf3 d5 2. d4 c5 3. e3 Nf6 4. Bd3 Nc6 5. c3 Bg4 6. Be2 e6 7. 0-0 Qc7 8. Nbd2 Bd6 9. h4 h6 10. Re1 g5 11. dxc5 Bxc5 12. hxg5 hxg5 13. Nf1 Bd6 14. g3 0-0-0 15. Nd4 Nxd4 16. exd4 Bxe2 17. Qxe2 Ne4 18. Qf3 f5 19. Qg2 g4 20. Nd2 Ng5 21. Kf1 Rh3 22. Ke2 Rdh8 23. Kd1 Rh2 24. Qf1 Nh3 25. Kc2 Rxf2 26. Qd3 Ng5 27. Re2 Rxe2 28. Qxe2 Bxg3 29. Nf1 Ne4 30. Bd2 Bf2 0-1

[Event "SRB Central-ch op-A 5th"]
[Site "Paracin"]
[Date "2012.07.09"]
[Round "4"]
[White "Radovanovic, Nikola"]
[Black "Filipovic, Tomislav S"]
[Result "1-0"]
[WhiteElo "2191"]
[BlackElo "1865"]
[PlyCount "52"]
[EventDate "2012.07.06"]
[EventType "swiss"]
[EventRounds "9"]
[EventCountry "SRB"]
[SourceTitle "CBM 149 Extra"]
[Source "ChessBase"]
[SourceDate "2012.08.24"]
[SourceVersion "1"]
[SourceVersionDate "2012.08.24"]
[SourceQuality "1"]

1. e4 e6 2. d4 d5 3. e5 c5 4. Qg4 cxd4 5. Nf3 Nc6 6. Bd3 Qa5+ 7. Nbd2 Qc7 8. Qg3 Nge7 9. 0-0 Ng6 10. Re1 Bb4 11. h4 0-0 12. a3 Ba5 13. b4 Bb6 14. Nb3 f5 15. h5 Nh8 16. Qf4 a6 17. Bb2 Qf7 18. Qh2 Bd8 19. Nfxd4 Qe8 20. Rac1 Nxd4 21. Bxd4 b5 22. f4 Rf7 23. Re3 Rb8 24. Be2 Rc7 25. Qg3 Nf7 26. Bd1 Nh6 1-0

[Event "SRB Central-ch op-A 5th"]
[Site "Paracin"]
[Date "2012.07.06"]
[Round "1"]
[White "Livaja, Mario"]
[Black "Filipovic, Tomislav S"]
[Result "1-0"]
[WhiteElo "2277"]
[BlackElo "1865"]
[PlyCount "73"]
[EventDate "2012.07.06"]
[EventType "swiss"]
[EventRounds "9"]
[EventCountry "SRB"]
[SourceTitle "CBM 149 Extra"]
[Source "ChessBase"]
[SourceDate "2012.08.24"]
[SourceVersion "1"]
[SourceVersionDate "2012.08.24"]
[SourceQuality "1"]

1. d4 d5 2. Nf3 Nf6 3. Bg5 e6 4. e3 Be7 5. c4 dxc4 6. Nc3 0-0 7. Bxc4 c6 8. 0-0 Nbd7 9. Qc2 h6 10. Bh4 Nb6 11. Bb3 Bd7 12. Rfd1 Nbd5 13. Rac1 Rc8 14. Ne5 Be8 15. Qd3 g5 16. Bg3 Nb4 17. Qe2 Nbd5 18. e4 Nxc3 19. bxc3 Kg7 20. h4 Nd7 21. hxg5 hxg5 22. Nf3 Rh8 23. d5 exd5 24. exd5 c5 25. Nh2 f6 26. Re1 Bf8 27. Ng4 Bh5 28. Qe6 c4 29. Bc2 Bf7 30. Qf5 Kg8 31. Re6 Bg7 32. Rce1 Nf8 33. Nxf6+ Bxf6 34. Rxf6 Rh7 35. Bd1 Rg7 36. Re7 Bg6 37. Rxg7+ 1-0

[Event "SRB Central-ch op-B 4th"]
[Site "Paracin"]
[Date "2011.07.12"]
[Round "5"]
[White "Drobne, Marjan"]
[Black "Filipovic, Tomislav S"]
[Result "1-0"]
[WhiteElo "2060"]
[BlackElo "1912"]
[PlyCount "49"]
[EventDate "2011.07.08"]
[EventType "swiss"]
[EventRounds "9"]
[EventCountry "SRB"]
[SourceTitle "CBM 143 Extra"]
[Source "ChessBase"]
[SourceDate "2011.08.29"]
[SourceVersion "1"]
[SourceVersionDate "2011.08.29"]
[SourceQuality "1"]

1. e4 c5 2. Nf3 e6 3. d4 cxd4 4. Nxd4 Nc6 5. Be3 Nf6 6. Nc3 a6 7. Be2 Be7 8. 0-0 0-0 9. f4 d6 10. Kh1 Qc7 11. Bf3 Bd7 12. Nb3 Be8 13. a4 Rc8 14. Qe1 Kh8 15. Qf2 Nd7 16. Rad1 Na5 17. Nxa5 Qxa5 18. Bd4 Qc7 19. Qg3 Rg8 20. f5 Ne5 21. Qh3 Bd7 22. Bxe5 dxe5 23. Bg4 Qc6 24. Rf3 Rcd8 25. Qxh7+ 1-0

[Event "Tivat Vukmanovic Memorial op"]
[Site "Tivat"]
[Date "2011.04.21"]
[Round "6"]
[White "Cvijetic, Vladimir"]
[Black "Filipovic, Tomislav S"]
[Result "1/2-1/2"]
[WhiteElo "1883"]
[BlackElo "1906"]
[PlyCount "59"]
[EventDate "2011.04.16"]
[EventType "swiss"]
[EventRounds "9"]
[EventCountry "MNE"]
[SourceTitle "CBM 141 Extra"]
[Source "ChessBase"]
[SourceDate "2011.05.03"]
[SourceVersion "1"]
[SourceVersionDate "2011.05.03"]
[SourceQuality "1"]

1. d4 d5 2. Nf3 Nf6 3. c4 e6 4. Nc3 Be7 5. cxd5 exd5 6. Bg5 0-0 7. Qc2 Nc6 8. e3 a6 9. a3 h6 10. Bh4 Be6 11. Bd3 Re8 12. 0-0 Qc8 13. b4 Nb8 14. Ne5 c6 15. Rae1 Qd8 16. f4 Rf8 17. f5 Bc8 18. g4 Nfd7 19. Bg3 Bh4 20. Nxd7 Nxd7 21. Qf2 Bxg3 22. Qxg3 Nf6 23. h4 Nh7 24. Kh1 Re8 25. Rg1 f6 26. Rg2 b5 27. Rge2 a5 28. e4 axb4 29. axb4 Ra3 30. Bc2 1/2-1/2

[Event "Tivat Vukmanovic Memorial op"]
[Site "Tivat"]
[Date "2011.04.19"]
[Round "4"]
[White "Colpa, Husein"]
[Black "Filipovic, Tomislav S"]
[Result "0-1"]
[WhiteElo "2008"]
[BlackElo "1906"]
[PlyCount "66"]
[EventDate "2011.04.16"]
[EventType "swiss"]
[EventRounds "9"]
[EventCountry "MNE"]
[SourceTitle "CBM 141 Extra"]
[Source "ChessBase"]
[SourceDate "2011.05.03"]
[SourceVersion "1"]
[SourceVersionDate "2011.05.03"]
[SourceQuality "1"]

1. e4 c5 2. Nf3 d6 3. d4 cxd4 4. Nxd4 Nf6 5. Nc3 a6 6. a4 e6 7. Bd3 Be7 8. 0-0 0-0 9. Be3 Bd7 10. h3 Qc7 11. Qd2 Nc6 12. Nxc6 Bxc6 13. a5 Nd7 14. f4 Bf6 15. Nd1 Bb5 16. c4 Bc6 17. Rc1 Nc5 18. Bxc5 dxc5 19. e5 Be7 20. Ra1 Rfd8 21. Qc2 g6 22. Ne3 Rd4 23. Ra3 Rad8 24. Qe2 Kg7 25. Nc2 R4d7 26. g4 Re8 27. Be4 Red8 28. Qf3 Bxe4 29. Qxe4 Rd2 30. f5 exf5 31. gxf5 f6 32. exf6+ Bxf6 33. Rb3 Qh2# 0-1

[Event "Tivat Vukmanovic Memorial op"]
[Site "Tivat"]
[Date "2011.04.16"]
[Round "1"]
[White "Filipovic, Tomislav S"]
[Black "Andonovski, Ljubisa"]
[Result "0-1"]
[WhiteElo "1906"]
[BlackElo "2326"]
[PlyCount "84"]
[EventDate "2011.04.16"]
[EventType "swiss"]
[EventRounds "9"]
[EventCountry "MNE"]
[SourceTitle "CBM 141 Extra"]
[Source "ChessBase"]
[SourceDate "2011.05.03"]
[SourceVersion "1"]
[SourceVersionDate "2011.05.03"]
[SourceQuality "1"]

1. c4 e5 2. Nc3 Nf6 3. d3 Bc5 4. e3 0-0 5. Be2 d5 6. cxd5 Nxd5 7. Nf3 Nc6 8. 0-0 Be6 9. a3 a5 10. Qc2 Ba7 11. Bd2 f5 12. Nxd5 Qxd5 13. Bc3 f4 14. e4 Qd6 15. Rac1 Kh8 16. Kh1 Rad8 17. h3 Rf6 18. Qa4 Rh6 19. Kh2 Bg4 20. Rcd1 Bxf3 21. Bxf3 Qc5 22. Qb3 b5 23. Bg4 b4 24. axb4 axb4 25. Be1 Qe7 26. f3 Be3 27. g3 Nd4 28. Qxb4 fxg3+ 29. Kg2 c5 30. Qa5 Rb8 31. Bc3 Ne2 32. Rb1 Rhb6 33. Rfe1 Nf4+ 34. Kxg3 Bd4 35. h4 h5 36. Bf5 g6 37. Bxd4 gxf5 38. Bxe5+ Qxe5 39. exf5 Rg8+ 40. Kh2 Rxb2+ 41. Kh1 Rxb1 42. Rxb1 Nxd3 0-1

[Event "Belgrade Trophy 23rd"]
[Site "Obrenovac"]
[Date "2010.11.30"]
[Round "7"]
[White "Bozinovic, Boban"]
[Black "Filipovic, Tomislav S"]
[Result "1-0"]
[WhiteElo "2079"]
[BlackElo "1905"]
[PlyCount "117"]
[EventDate "2010.11.24"]
[EventType "swiss"]
[EventRounds "9"]
[EventCountry "YUG"]
[SourceTitle "CBM 139 Extra"]
[Source "ChessBase"]
[SourceDate "2011.01.05"]
[SourceVersion "1"]
[SourceVersionDate "2011.01.05"]
[SourceQuality "1"]

1. e4 c5 2. Nf3 d6 3. d4 cxd4 4. Nxd4 Nf6 5. Nc3 e6 6. g4 a6 7. g5 Nfd7 8. Be3 Nc6 9. h4 Nxd4 10. Qxd4 Ne5 11. Be2 Bd7 12. f4 Nc6 13. Qb6 Qxb6 14. Bxb6 Nb4 15. 0-0-0 Rc8 16. a3 Nc6 17. h5 Be7 18. Rhg1 Bf8 19. Bf3 Be7 20. Bg4 Bf8 21. Kb1 Be7 22. Rg2 Bf8 23. Bf3 Be7 24. Rgd2 Nb8 25. e5 d5 26. Ne2 Bc6 27. Bd4 b5 28. b4 Nd7 29. Nc1 0-0 30. h6 g6 31. Nb3 Ba8 32. Be2 Rc7 33. Kb2 Rb8 34. Rd3 Rbc8 35. R1d2 Kf8 36. Bd1 Ke8 37. Re2 Bf8 38. Ree3 Be7 39. Rc3 Rxc3 40. Rxc3 Rxc3 41. Kxc3 Kd8 42. Be2 Kc7 43. Nd2 Bb7 44. Nf1 Kc6 45. Nh2 Bd8 46. Kd2 Bc8 47. Ng4 Bb7 48. Bd3 Bc8 49. Ne3 Be7 50. Ng2 Bd8 51. Nh4 Be7 52. Nxg6 fxg6 53. Bxg6 Bf8 54. Bxh7 Nb6 55. Bc5 Nc4+ 56. Kd3 Nb2+ 57. Ke2 Bxh6 58. gxh6 Bd7 59. Bg6 1-0

[Event "Belgrade op"]
[Site "Belgrade"]
[Date "2009.11.28"]
[Round "5"]
[White "Pantic, Milenko"]
[Black "Filipovic, Tomislav S"]
[Result "0-1"]
[WhiteElo "1572"]
[BlackElo "1957"]
[PlyCount "35"]
[EventDate "2009.11.24"]
[EventType "swiss"]
[EventRounds "9"]
[EventCountry "YUG"]
[SourceTitle "CBM 133 Extra"]
[Source "ChessBase"]
[SourceDate "2010.01.05"]
[SourceVersion "1"]
[SourceVersionDate "2010.01.05"]
[SourceQuality "1"]

1. d4 e6 2. c4 c5 3. e3 Nf6 4. Nc3 d5 5. cxd5 exd5 6. Bb5+ Nc6 7. Bxc6+ bxc6 8. h3 Bd7 9. Nge2 Bd6 10. a3 cxd4 11. Qxd4 0-0 12. Na4 Qa5+ 13. b4 Rfe8 14. Nc5 Bxc5 15. Qxc5 Qxc5 16. bxc5 Ne4 17. Nd4 a6 18. a4 0-1

[Event "CRO-ch U19"]
[Site "Bjelolasica"]
[Date "2009.07.31"]
[Round "8"]
[White "Filipovic, Tomislav S"]
[Black "Buhin, Denis"]
[Result "0-1"]
[WhiteElo "1957"]
[BlackElo "1966"]
[PlyCount "50"]
[EventDate "2009.07.26"]
[EventType "swiss"]
[EventRounds "9"]
[EventCountry "CRO"]
[SourceTitle "CBM 131 Extra"]
[Source "ChessBase"]
[SourceDate "2009.09.03"]
[SourceVersion "2"]
[SourceVersionDate "2009.09.16"]
[SourceQuality "1"]

1. d4 Nf6 2. c4 c5 3. d5 b5 4. cxb5 a6 5. bxa6 Bxa6 6. Nf3 g6 7. g3 Bg7 8. Bg2 d6 9. 0-0 0-0 10. Re1 Nbd7 11. Nc3 Qa5 12. e4 Ng4 13. h3 Nge5 14. Nxe5 Nxe5 15. Qc2 Rfb8 16. Bd2 Bd3 17. Qc1 Nc4 18. e5 Bxe5 19. Rxe5 Nxe5 20. Ne4 Qa4 21. Bc3 Bxe4 22. b3 Qa3 23. Qxa3 Rxa3 24. Bxe4 f5 25. Bc2 Rba8 0-1

[Event "CRO-ch U19"]
[Site "Bjelolasica"]
[Date "2009.07.30"]
[Round "7"]
[White "Martinovic, Sasa"]
[Black "Filipovic, Tomislav S"]
[Result "1-0"]
[WhiteElo "2525"]
[BlackElo "1957"]
[PlyCount "113"]
[EventDate "2009.07.26"]
[EventType "swiss"]
[EventRounds "9"]
[EventCountry "CRO"]
[SourceTitle "CBM 131 Extra"]
[Source "ChessBase"]
[SourceDate "2009.09.03"]
[SourceVersion "2"]
[SourceVersionDate "2009.09.16"]
[SourceQuality "1"]

1. d4 Nf6 2. c4 g6 3. Nc3 Bg7 4. e4 d6 5. f3 0-0 6. Nge2 Nc6 7. Be3 e5 8. d5 Ne7 9. g4 Nd7 10. Ng3 f5 11. gxf5 gxf5 12. exf5 Nxf5 13. Nxf5 Rxf5 14. Bd3 Rf8 15. 0-0 Nc5 16. Be4 Nxe4 17. Nxe4 Bf5 18. Bg5 Qe8 19. Qd2 Kh8 20. Kh1 Qh5 21. Ng3 Qf7 22. Be3 Bh3 23. Rf2 Rae8 24. Rg1 Rg8 25. b4 Bf6 26. Qd3 Bh4 27. Qe4 Qf6 28. f4 Bxg3 29. Rxg3 Rxg3 30. hxg3 Bf5 31. Qf3 exf4 32. Qxf4 Be4+ 33. Kh2 Qxf4 34. Rxf4 Bg6 35. Bxa7 Ra8 36. Bd4+ Kg8 37. Bf6 Rxa2+ 38. Kh3 Ra8 39. Kh4 Re8 40. Kg5 Re4 41. Bd8 c6 42. dxc6 bxc6 43. b5 cxb5 44. cxb5 Re5+ 45. Kf6 Rxb5 46. Ra4 Rf5+ 47. Ke6 Rf3 48. Bg5 Rf8 49. Be7 Re8 50. Kf6 d5 51. Ba3 Re3 52. Ra8+ Re8 53. Ra7 d4 54. Rd7 Ra8 55. Rxd4 Ra6+ 56. Bd6 Rc6 57. g4 1-0

[Event "CRO-ch U19"]
[Site "Bjelolasica"]
[Date "2009.07.29"]
[Round "5"]
[White "Filipovic, Tomislav S"]
[Black "Majer, Ivan"]
[Result "1/2-1/2"]
[WhiteElo "1957"]
[BlackElo "1931"]
[PlyCount "32"]
[EventDate "2009.07.26"]
[EventType "swiss"]
[EventRounds "9"]
[EventCountry "CRO"]
[SourceTitle "CBM 131 Extra"]
[Source "ChessBase"]
[SourceDate "2009.09.03"]
[SourceVersion "2"]
[SourceVersionDate "2009.09.16"]
[SourceQuality "1"]

1. d4 Nf6 2. c4 g6 3. Nc3 Bg7 4. e4 d6 5. Nf3 0-0 6. Be2 e5 7. 0-0 Nc6 8. d5 Ne7 9. b4 Nh5 10. g3 f5 11. Ng5 Nf6 12. f3 h6 13. Ne6 Bxe6 14. dxe6 Nc6 15. c5 Nd4 16. Bc4 Kh8 1/2-1/2

[Event "CRO-ch U19"]
[Site "Bjelolasica"]
[Date "2009.07.26"]
[Round "1"]
[White "Filipovic, Tomislav S"]
[Black "Lorger, Ivan"]
[Result "1/2-1/2"]
[WhiteElo "1957"]
[BlackElo "1778"]
[PlyCount "108"]
[EventDate "2009.07.26"]
[EventType "swiss"]
[EventRounds "9"]
[EventCountry "CRO"]
[SourceTitle "CBM 131 Extra"]
[Source "ChessBase"]
[SourceDate "2009.09.03"]
[SourceVersion "2"]
[SourceVersionDate "2009.09.16"]
[SourceQuality "1"]

1. d4 e6 2. c4 f5 3. Nf3 Nf6 4. g3 c6 5. Bg2 d5 6. b3 Bb4+ 7. Bd2 Bd6 8. 0-0 Nbd7 9. Nc3 0-0 10. Qc2 Ne4 11. Bc1 Ndf6 12. Nd2 e5 13. e3 Be6 14. Bb2 Nxd2 15. Qxd2 dxc4 16. d5 cxd5 17. Nxd5 cxb3 18. Nxf6+ gxf6 19. axb3 Qb6 20. Bd5 Be7 21. Bxe6+ Qxe6 22. Ba3 Rfd8 23. Qa2 Bxa3 24. Qxa3 Rd3 25. Rfb1 f4 26. exf4 exf4 27. Qa4 f3 28. Qc4 Qxc4 29. bxc4 b6 30. h4 Rc3 31. Rxb6 axb6 32. Rxa8+ Kf7 33. Ra1 Rxc4 34. Ra3 Rc1+ 35. Kh2 b5 36. Rxf3 Rb1 37. Rc3 Re1 38. Rb3 Re5 39. f4 Rd5 40. g4 f5 41. gxf5 Rxf5 42. Kg3 h5 43. Kf3 Kf6 44. Rc3 Ke6 45. Ke4 Rd5 46. Rc6+ Rd6 47. Rc5 Rb6 48. Rxh5 Kf7 49. Rg5 b4 50. Kf3 b3 51. Rg1 b2 52. Rb1 Ke6 53. Kg4 Kf6 54. h5 Rb4 1/2-1/2

[Event "Belgrade Trophy 21st"]
[Site "Obrenovac"]
[Date "2008.12.05"]
[Round "9"]
[White "Blagojevic, Bogdan"]
[Black "Filipovic, Tomislav S"]
[Result "0-1"]
[WhiteElo "1761"]
[BlackElo "1989"]
[PlyCount "133"]
[EventDate "2008.11.27"]
[EventType "swiss"]
[EventRounds "9"]
[EventCountry "YUG"]
[SourceTitle "CBM 127 Extra"]
[Source "ChessBase"]
[SourceDate "2009.01.08"]
[SourceVersion "2"]
[SourceVersionDate "2009.01.28"]
[SourceQuality "1"]

1. d4 d5 2. Nf3 Nf6 3. Bf4 e6 4. h3 Bd6 5. Ne5 0-0 6. e3 c5 7. dxc5 Bxc5 8. Nd3 Bd6 9. Bg5 Nc6 10. Nc3 a6 11. Be2 d4 12. exd4 Nxd4 13. 0-0 Nxe2+ 14. Qxe2 Be7 15. Rad1 Qa5 16. Bf4 Rd8 17. Ne5 Rxd1 18. Rxd1 Kf8 19. Nc4 Qb4 20. a3 Qc5 21. b4 Qc6 22. Qd3 b6 23. Ne5 Qb7 24. Be3 g6 25. Na4 Nd5 26. Bh6+ Ke8 27. c4 Nf6 28. c5 bxc5 29. Nxc5 Qc7 30. Bf4 Qb6 31. Nc4 Qa7 32. Nd6+ Kf8 33. Bh6+ Kg8 34. Qc3 Qc7 35. Ne8 Nxe8 36. Rc1 Bxc5 37. bxc5 f6 38. c6 Kf7 39. Qc5 g5 40. h4 Qe7 41. Qe3 Kg6 42. hxg5 fxg5 43. Qh3 e5 44. Qh2 Nf6 45. c7 Bb7 46. Qh3 Rc8 47. g4 Rxc7 48. Rxc7 Qxc7 49. Bf8 Qc1+ 50. Kh2 Qf4+ 51. Qg3 Nxg4+ 52. Kh3 Nxf2+ 53. Kh2 h5 54. Bd6 h4 55. Qxf4 exf4 56. Kg1 Ne4 57. Bc7 Kf5 58. a4 h3 59. a5 Kg4 60. Bb6 Kg3 61. Kf1 h2 62. Ke2 f3+ 63. Ke3 Kg2 64. Kd4 f2 65. Ke5 h1Q 66. Ke6 Qh3+ 67. Ke7 0-1

[Event "Belgrade Trophy 21st"]
[Site "Obrenovac"]
[Date "2008.12.03"]
[Round "7"]
[White "Arsic, Djordje"]
[Black "Filipovic, Tomislav S"]
[Result "1/2-1/2"]
[WhiteElo "1753"]
[BlackElo "1989"]
[PlyCount "71"]
[EventDate "2008.11.27"]
[EventType "swiss"]
[EventRounds "9"]
[EventCountry "YUG"]
[SourceTitle "CBM 127 Extra"]
[Source "ChessBase"]
[SourceDate "2009.01.08"]
[SourceVersion "2"]
[SourceVersionDate "2009.01.28"]
[SourceQuality "1"]

1. e4 d6 2. d4 c6 3. Nf3 Bg4 4. Be2 Bxf3 5. Bxf3 g6 6. c3 Bg7 7. Be3 Nf6 8. 0-0 0-0 9. Nd2 Nbd7 10. Qc2 Qc7 11. Rfe1 e5 12. Nb3 Rfe8 13. Red1 b6 14. Bc1 Rad8 15. g3 Nf8 16. Bg2 Ng4 17. h3 Nh6 18. f4 f6 19. fxe5 fxe5 20. Kh1 Nf7 21. Be3 Qe7 22. Qc1 h6 23. Kh2 Nh7 24. h4 Nf6 25. Bg1 g5 26. dxe5 dxe5 27. Bh3 g4 28. Bg2 Qe6 29. Qc2 Rd6 30. c4 c5 31. Nd2 Red8 32. b3 Qd7 33. Be3 Rd3 34. Re1 Rb8 35. Bf1 Rd6 36. Bg2 1/2-1/2

[Event "SRB Central-ch"]
[Site "Vrnjacka Banja"]
[Date "2008.11.10"]
[Round "4"]
[White "Filipovic, Tomislav S"]
[Black "Stojanovic, Vladimir"]
[Result "0-1"]
[WhiteElo "1989"]
[BlackElo "2177"]
[PlyCount "110"]
[EventDate "2008.11.08"]
[EventType "swiss"]
[EventRounds "9"]
[EventCountry "YUG"]
[SourceTitle "EXT 2010"]
[Source "ChessBase"]
[SourceDate "2010.11.25"]
[SourceVersion "1"]
[SourceVersionDate "2010.11.25"]
[SourceQuality "1"]

1. d4 d5 2. Nf3 Nf6 3. c4 c6 4. cxd5 cxd5 5. Nc3 Bg4 6. Ne5 Bf5 7. e3 a6 8. Qa4+ Nbd7 9. Bd2 b5 10. Qb3 e6 11. Nd3 Bd6 12. f4 0-0 13. Nf2 Ng4 14. Nxg4 Bxg4 15. g3 Bf3 16. Rg1 Bh5 17. Nd1 Qe7 18. Nf2 Nb6 19. a3 Bg6 20. Bd3 Bxd3 21. Qxd3 Nc4 22. Bc3 a5 23. Nd1 b4 24. axb4 axb4 25. Rxa8 Rxa8 26. Bd2 Ra1 27. Qb3 Qb7 28. Rg2 Qb5 29. Re2 g6 30. Rg2 f6 31. Rf2 Kg7 32. g4 e5 33. g5 e4 34. h4 Na5 35. Qc2 Qc4 36. Qxc4 Nxc4 37. Ke2 Rb1 38. Be1 Nxb2 39. Nxb2 Rxb2+ 40. Kd1 Rxf2 41. Bxf2 fxg5 42. hxg5 h6 43. gxh6+ Kxh6 44. Kc2 Kh5 45. Be1 Kg4 46. Bd2 Kf3 47. Bc1 Ke2 48. Kb1 Kd1 49. Bb2 Be7 50. Bc1 g5 51. fxg5 Bxg5 52. Kb2 Ke2 53. Kc2 Bxe3 54. Bb2 Bd2 55. Kb3 Kd3 0-1

[Event "SRB Central-ch"]
[Site "Vrnjacka Banja"]
[Date "2008.11.09"]
[Round "2"]
[White "Filipovic, Tomislav S"]
[Black "Novoselski, Zoran"]
[Result "0-1"]
[WhiteElo "1989"]
[BlackElo "2388"]
[PlyCount "82"]
[EventDate "2008.11.08"]
[EventType "swiss"]
[EventRounds "9"]
[EventCountry "YUG"]
[SourceTitle "EXT 2010"]
[Source "ChessBase"]
[SourceDate "2010.11.25"]
[SourceVersion "1"]
[SourceVersionDate "2010.11.25"]
[SourceQuality "1"]

1. d4 d5 2. Nf3 f5 3. Ne5 Nf6 4. g3 e6 5. Bg2 c6 6. 0-0 Be7 7. b3 0-0 8. f4 Nbd7 9. Nxd7 Bxd7 10. Bb2 Be8 11. Nd2 Bh5 12. h3 Kh8 13. Qe1 Rg8 14. Kh2 g5 15. fxg5 Rxg5 16. Nf3 Bxf3 17. exf3 Nh5 18. g4 Bd6+ 19. Kg1 Nf4 20. Rd1 Rg6 21. Bc1 Qf6 22. Bxf4 Bxf4 23. Rd3 Rag8 24. a4 h5 25. b4 Bd6 26. c3 Qg5 27. Qe3 fxg4 28. Qxg5 Rxg5 29. fxg4 hxg4 30. Rf7 R5g7 31. Rxg7 Rxg7 32. hxg4 Rxg4 33. Kf2 Kg7 34. Bh3 Rg6 35. Rf3 b6 36. Bf1 c5 37. bxc5 bxc5 38. Bd3 Rg4 39. Ke3 Be7 40. Bb5 cxd4+ 41. cxd4 Bf6 0-1